The model Christian and his reward. (Record no. 12632)

000 -LEADER
fixed length control field 00551nam a2200181 a 4500
001 - CONTROL NUMBER
control field :::00010441$&:&@@
003 - CONTROL NUMBER IDENTIFIER
control field OkBaRHE
005 - DATE AND TIME OF LATEST TRANSACTION
control field 20000607103359.0
008 - FIXED-LENGTH DATA ELEMENTS--GENERAL INFORMATION
fixed length control field j 000 0 eng u
040 ## - CATALOGING SOURCE
Transcribing agency
100 1# - MAIN ENTRY--PERSONAL NAME
Personal name Hedrick, Clarence Edson.
245 14 - TITLE STATEMENT
Title The model Christian and his reward.
260 ## - PUBLICATION, DISTRIBUTION, ETC. (IMPRINT)
Place of publication, distribution, etc Wilmington, CA., :
Name of publisher, distributor, etc Clarence Edson Hedrick
Date of publication, distribution, etc nd
300 ## - PHYSICAL DESCRIPTION
Extent 29 p. ;
Dimensions 18 cm.
650 ## - SUBJECT ADDED ENTRY--TOPICAL TERM
Topical term or geographic name as entry element Christian Life
942 ## - ADDED ENTRY ELEMENTS (KOHA)
Source of classification or shelving scheme
Koha item type Books
Copies
Withdrawn status Lost status Barcode Date last seen Not for loan Date acquired Full call number Copy number Source of classification or shelving scheme Koha item type Price effective from Damaged status Permanent Location Shelving location
  104412010-04-14 2010-04-14BV 4501 .H41 Books2010-04-14 RHEMA Bible Training CollegeGeneral Stacks